[Event "Campeonato del Mundo sub-18 Femenino"]
[Site "Kemer TUR"]
[Date "2009.11.14"]
[Round "3.25"]
[White "Hattingh, Angelique"]
[Black "Agrest, Inna"]
[Result "0-1"]
[WhiteElo "1790"]
[BlackElo "2180"]
[PlyCount "170"]
[EventDate "2009.11.11"]
[EventType "swiss"]
[EventRounds "11"]
[EventCountry "TUR"]
[Source "lmi"]
[SourceDate "2009.11.11"]

1. e4 e5 2. Nf3 Nc6 3. d4 exd4 4. Bc4 Nf6 5. O-O Nxe4 6. Re1 d5 7. Bxd5 Qxd5 8.
Nc3 Qa5 9. Nxe4 Be6 10. Bd2 Qa4 11. Neg5 O-O-O 12. Nxe6 fxe6 13. Ng5 Rd7 14.
Nxe6 Bd6 15. Bf4 Qb4 16. Bxd6 Qxd6 17. Qg4 g6 18. Ng5 h5 19. Qh3 Rf8 20. Re2
Qd5 21. Nf3 b6 22. a4 Qf5 23. Qxf5 Rxf5 24. Rd2 Rfd5 25. Rad1 Kb7 26. c3 d3 27.
Ne1 Re7 28. Nxd3 Re4 29. b3 Ne5 30. f3 Re3 31. Nxe5 Rdxe5 32. Rd3 Re2 33. R3d2
R2e3 34. Rd3 Re2 35. R3d2 Rxd2 36. Rxd2 Re3 37. Rc2 Re1+ 38. Kf2 Rb1 39. b4 Ra1
40. Re2 Rxa4 41. Re6 Ra2+ 42. Kg3 Rc2 43. Rxg6 Rxc3 44. Rg5 Rc4 45. Rxh5 Rxb4
46. f4 a5 47. f5 a4 48. f6 a3 49. f7 a2 50. f8=Q Rb3+ 51. Kh4 a1=Q 52. Rg5 Qe1+
53. Kh5 Qe2+ 54. Kh6 Rd3 55. Rg6 Qd2+ 56. Kh5 Rd5+ 57. Kh4 Qe1+ 58. Rg3 Rd4+
59. Kh5 Qe5+ 60. Kg6 Rd6+ 61. Kh7 Qe4+ 62. Kg8 Qd5+ 63. Kg7 Qe5+ 64. Kg8 Qd5+
65. Kg7 Qd4+ 66. Kh7 Qh4+ 67. Kg7 Rd7+ 68. Kg6 Qe4+ 69. Kh5 Rh7+ 70. Kg5 Qh4+
71. Kg6 Qh5+ 72. Kf6 Rh6+ 73. Kg7 Rh7+ 74. Kf6 Qxh2 75. Qg8 Rh6+ 76. Kf5 Rh5+
77. Kf4 Qh4+ 78. Rg4 Qf6+ 79. Ke3 Re5+ 80. Kd3 Qd6+ 81. Kc3 Re3+ 82. Kc2 Qd3+
83. Kc1 Re1+ 84. Kb2 Re2+ 85. Kc1 Qc2# 0-1

[Event "Campeonato del Mundo sub-18 Femenino"]
[Site "Kemer TUR"]
[Date "2009.11.14"]
[Round "3.26"]
[White "Finnbogadottir, Tinna"]
[Black "Hamza, Amira"]
[Result "1-0"]
[WhiteElo "1710"]
[BlackElo "1883"]
[PlyCount "49"]
[EventDate "2009.11.11"]
[EventType "swiss"]
[EventRounds "11"]
[EventCountry "TUR"]
[Source "lmi"]
[SourceDate "2009.11.11"]

1. e4 e6 2. d4 d5 3. e5 c5 4. c3 Nc6 5. Nf3 Bd7 6. a3 cxd4 7. cxd4 f6 8. b4 Qc7
9. Bf4 Nge7 10. Bg3 f5 11. Nbd2 Ng6 12. h4 h5 13. Rc1 Qb6 14. Nb3 Be7 15. Bd3
Nd8 16. O-O Ba4 17. Bc2 Bxb3 18. Bxb3 Nf7 19. Ba4+ Kf8 20. Qd3 a5 21. bxa5 Qxa5
22. Bd7 Nd8 23. Bxe6 Bxa3 24. Rb1 b5 25. Qxf5+ 1-0

[Event "Campeonato del Mundo sub-18 Femenino"]
[Site "Kemer TUR"]
[Date "2009.11.14"]
[Round "3.27"]
[White "Lokunarangoda, Jalashi Changa M"]
[Black "Walallawita, Lihini Ashwini"]
[Result "0-1"]
[WhiteElo "1576"]
[BlackElo "1797"]
[PlyCount "80"]
[EventDate "2009.11.11"]
[EventType "swiss"]
[EventRounds "11"]
[EventCountry "TUR"]
[Source "lmi"]
[SourceDate "2009.11.11"]

1. Nf3 Nf6 2. e3 e6 3. b3 b6 4. Bb2 Bb7 5. Be2 Be7 6. O-O d5 7. Ne5 O-O 8. f4
c5 9. d3 Nc6 10. Nd2 Qc7 11. Ndf3 Nd7 12. c4 Bd6 13. Nxc6 Bxc6 14. d4 Bb7 15.
Qd2 Be7 16. Rac1 cxd4 17. cxd5 Qd6 18. dxe6 Qxe6 19. Bxd4 Nf6 20. Bd3 h6 21.
Rc7 Bxf3 22. gxf3 Rfc8 23. Rfc1 Rxc7 24. Rxc7 Nd5 25. Rc4 b5 26. Rc1 a6 27. Be4
Rd8 28. Qg2 Bf6 29. f5 Qe7 30. Bxf6 Nxf6 31. h3 Nxe4 32. fxe4 Qd6 33. Qf2 Qd3
34. Qf3 Qd2 35. Ra1 Rd3 36. Qf2 Qxe3 37. Qxe3 Rxe3 38. Kg2 Rxe4 39. Kf3 Re5 40.
Kg4 Re2 0-1

[Event "Campeonato del Mundo sub-18 Femenino"]
[Site "Kemer TUR"]
[Date "2009.11.14"]
[Round "3.29"]
[White "Oliver, Tamzin"]
[Black "Hadziselimovic, Maja"]
[Result "1/2-1/2"]
[WhiteElo "1777"]
[BlackElo "1681"]
[PlyCount "55"]
[EventDate "2009.11.11"]
[EventType "swiss"]
[EventRounds "11"]
[EventCountry "TUR"]
[Source "lmi"]
[SourceDate "2009.11.11"]

1. e4 e5 2. Nf3 d6 3. d4 Nf6 4. Nc3 Nbd7 5. Bc4 Be7 6. O-O O-O 7. a4 c6 8. Qe2
Qc7 9. Rd1 Nb6 10. Ba2 Bg4 11. h3 Bh5 12. Bg5 Rad8 13. Bxf6 Bxf6 14. d5 Kh8 15.
Qe3 a6 16. Rd3 c5 17. Ne2 Nxa4 18. b3 Nb6 19. Rdd1 Be7 20. Rdc1 Bg6 21. g4 Rd7
22. c3 Qd8 23. Rab1 h5 24. Ng3 h4 25. Ne2 Bh7 26. Kh2 g5 27. c4 f6 28. Nc3
1/2-1/2

[Event "Campeonato del Mundo sub-18 Femenino"]
[Site "Kemer TUR"]
[Date "2009.11.15"]
[Round "4.1"]
[White "Ozturk, Kubra"]
[Black "Savina, Anastasia"]
[Result "0-1"]
[WhiteElo "2177"]
[BlackElo "2401"]
[PlyCount "68"]
[EventDate "2009.11.11"]
[EventType "swiss"]
[EventRounds "11"]
[EventCountry "TUR"]
[Source "lmi"]
[SourceDate "2009.11.11"]

1. d4 Nf6 2. c4 g6 3. Nf3 Bg7 4. g3 O-O 5. Bg2 d5 6. cxd5 Nxd5 7. O-O Nb6 8.
Nc3 Nc6 9. e3 Re8 10. Qe2 e5 11. dxe5 Nxe5 12. Nxe5 Bxe5 13. Bd2 c6 14. Rfd1
Qe7 15. Rac1 Be6 16. b3 a5 17. Ne4 Bd5 18. Nc5 Bxg2 19. Kxg2 Nd5 20. Nd3 Bg7
21. Re1 Nb4 22. Nxb4 axb4 23. Qc4 Rxa2 24. Bxb4 Qf6 25. Rc2 Rxc2 26. Qxc2 h5
27. Rd1 h4 28. Qc4 h3+ 29. Kxh3 Qf3 30. Rd4 Bxd4 31. Qxd4 Qxf2 32. Bc5 Qf1+ 33.
Kh4 Qf5 34. g4 Re4 0-1

[Event "Campeonato del Mundo sub-18 Femenino"]
[Site "Kemer TUR"]
[Date "2009.11.15"]
[Round "4.2"]
[White "Korchagina, Victoria"]
[Black "Repina, Varvara"]
[Result "1-0"]
[WhiteElo "2150"]
[BlackElo "2258"]
[PlyCount "143"]
[EventDate "2009.11.11"]
[EventType "swiss"]
[EventRounds "11"]
[EventCountry "TUR"]
[Source "lmi"]
[SourceDate "2009.11.11"]

1. e4 c5 2. Nf3 d6 3. d4 cxd4 4. Nxd4 Nf6 5. Nc3 a6 6. Be3 e5 7. Nb3 Be6 8. Qd2
Be7 9. f4 b5 10. f5 Bc4 11. O-O-O Nbd7 12. Bd3 a5 13. Kb1 a4 14. Nc1 O-O 15. g4
b4 16. N3e2 Bxd3 17. Qxd3 Nxg4 18. Rhg1 Nxe3 19. Qxe3 Qc7 20. Qh6 g6 21. fxg6
fxg6 22. Rxg6+ Kf7 23. Qxh7+ Ke8 24. c3 a3 25. Rg7 Nf6 26. Qg6+ Kd8 27. Nd3
axb2 28. Nxe5 bxc3 29. Nd4 c2+ 30. Nxc2 Rc8 31. Qg2 Nh5 32. Nf7+ Ke8 33. Nxd6+
Qxd6 34. Rxd6 Nxg7 35. Rd1 Rf7 36. e5 Bf8 37. Nd4 Ba3 38. Nc2 Bc5 39. Qg6 Kf8
40. e6 Re7 41. Rf1+ Kg8 42. Rf7 Rxf7 43. Qxf7+ Kh7 44. Kxb2 Re8 45. Qc7 Bg1 46.
Qg3 Ba7 47. e7 Bc5 48. Qd3+ Kh8 49. Qh3+ Kg8 50. Qb3+ Kh7 51. Ne3 Bxe7 52. Nd5
Bd8 53. Qd3+ Kg8 54. a4 Re6 55. Qc4 Kh7 56. Qc2+ Kh6 57. Qd2+ Bg5 58. Qd3 Bd8
59. Kb3 Ba5 60. Qh3+ Kg5 61. Qg3+ Kh6 62. Qh4+ Nh5 63. Kc4 Be1 64. Qg4 Re5 65.
Qd7 Kg5 66. Qd8+ Kf5 67. a5 Re4+ 68. Kb5 Re5 69. a6 Nf4 70. Qf6+ Ke4 71. Qxf4+
Kxd5 72. Qxe5+ 1-0

[Event "Campeonato del Mundo sub-18 Femenino"]
[Site "Kemer TUR"]
[Date "2009.11.15"]
[Round "4.3"]
[White "Motycakova, Monika"]
[Black "Warakomska, Anna"]
[Result "1-0"]
[WhiteElo "2038"]
[BlackElo "2189"]
[PlyCount "109"]
[EventDate "2009.11.11"]
[EventType "swiss"]
[EventRounds "11"]
[EventCountry "TUR"]
[Source "lmi"]
[SourceDate "2009.11.11"]

1. d4 d5 2. c4 e6 3. Nf3 c6 4. e3 Nf6 5. b3 Nbd7 6. Bb2 Bd6 7. Bd3 O-O 8. O-O
Re8 9. Ne5 c5 10. Nd2 cxd4 11. exd4 dxc4 12. bxc4 Qc7 13. f4 Bf8 14. Qf3 Rb8
15. g4 g6 16. Qh3 b5 17. cxb5 Nxe5 18. fxe5 Nd5 19. Ne4 h6 20. a4 Kg7 21. Ba3
Nb4 22. Rac1 Qd8 23. Rc4 Nxd3 24. Bxf8+ Rxf8 25. Qxd3 Bb7 26. Nf6 Qe7 27. Rfc1
Rbc8 28. Rc5 Rfd8 29. Qc3 Qf8 30. a5 Qh8 31. a6 Rxc5 32. dxc5 Bd5 33. b6 Qf8
34. b7 Qe7 35. Nxd5 exd5 36. c6 d4 37. Qd3 Qg5 38. Rc2 Qxg4+ 39. Rg2 Qf4 40.
Qd2 Qxe5 41. Re2 Qc5 42. Qb2 Qg5+ 43. Kf1 Qf5+ 44. Ke1 Qa5+ 45. Kd1 Qc7 46. Qb5
Kh7 47. Qc5 d3 48. Rf2 Kg7 49. Qxa7 Qxc6 50. b8=Q Qa4+ 51. Kc1 Qa1+ 52. Qb1
Rc8+ 53. Kd2 Qc3+ 54. Kd1 Rc7 55. Qxc7 1-0

[Event "Campeonato del Mundo sub-18 Femenino"]
[Site "Kemer TUR"]
[Date "2009.11.15"]
[Round "4.4"]
[White "Bhakti Pradip, Kulkarni"]
[Black "Mammadova, Gulnar"]
[Result "1-0"]
[WhiteElo "2263"]
[BlackElo "2202"]
[PlyCount "73"]
[EventDate "2009.11.11"]
[EventType "swiss"]
[EventRounds "11"]
[EventCountry "TUR"]
[Source "lmi"]
[SourceDate "2009.11.11"]

1. d4 d6 2. Nf3 f5 3. g3 g6 4. Bg2 Nf6 5. Bg5 Bg7 6. Nbd2 O-O 7. Bxf6 Bxf6 8.
e4 Bg7 9. exf5 Bxf5 10. O-O d5 11. c3 c6 12. Nh4 e6 13. Qb3 Qc7 14. Rfe1 Na6
15. Bf1 Rae8 16. Nxf5 exf5 17. Bxa6 bxa6 18. Qa3 f4 19. Qxa6 fxg3 20. fxg3 Bh6
21. Rxe8 Rxe8 22. Nf3 Qd7 23. Ne5 Qf5 24. Qf1 Be3+ 25. Kh1 Bf2 26. Qg2 Re6 27.
Rf1 Rf6 28. Nxc6 Qe4 29. Ne5 h5 30. Qxe4 dxe4 31. Kg2 e3 32. Nd3 Rb6 33. b3 a5
34. Nxf2 exf2 35. Rxf2 a4 36. b4 Rc6 37. Rf3 1-0

[Event "Campeonato del Mundo sub-18 Femenino"]
[Site "Kemer TUR"]
[Date "2009.11.15"]
[Round "4.5"]
[White "Kulon, Klaudia"]
[Black "Eric, Jovana"]
[Result "0-1"]
[WhiteElo "2233"]
[BlackElo "2163"]
[PlyCount "58"]
[EventDate "2009.11.11"]
[EventType "swiss"]
[EventRounds "11"]
[EventCountry "TUR"]
[Source "lmi"]
[SourceDate "2009.11.11"]

1. c4 e5 2. Nc3 Nf6 3. g3 Nc6 4. Bg2 Be7 5. e3 O-O 6. Nge2 Nb4 7. d3 c6 8. e4
c5 9. O-O d6 10. h3 a6 11. f4 Nc6 12. f5 Nd4 13. a4 Bd7 14. g4 h6 15. Nxd4 cxd4
16. Nd5 Nxd5 17. exd5 Bg5 18. b4 a5 19. c5 axb4 20. c6 Bc8 21. Bd2 Re8 22. Bxb4
bxc6 23. dxc6 d5 24. Qc2 e4 25. c7 Qf6 26. dxe4 d3 27. Qxd3 Qb6+ 28. Kh1 Qxb4
29. Qxd5 Bb7 0-1

[Event "Campeonato del Mundo sub-18 Femenino"]
[Site "Kemer TUR"]
[Date "2009.11.15"]
[Round "4.6"]
[White "Girya, Olga"]
[Black "Richard, Emma"]
[Result "1-0"]
[WhiteElo "2340"]
[BlackElo "2135"]
[PlyCount "96"]
[EventDate "2009.11.11"]
[EventType "swiss"]
[EventRounds "11"]
[EventCountry "TUR"]
[Source "lmi"]
[SourceDate "2009.11.11"]

1. e4 c5 2. Nf3 Nc6 3. Bb5 d6 4. O-O Bd7 5. Re1 Nf6 6. h3 a6 7. Bf1 e6 8. c3
Be7 9. d4 cxd4 10. cxd4 O-O 11. Nc3 d5 12. e5 Ne8 13. Bf4 Rc8 14. Bd3 f6 15.
exf6 Nxf6 16. Bh2 Bb4 17. Rc1 Ne7 18. Qb3 Nc6 19. a3 Bxc3 20. Rxc3 Na5 21. Qc2
Nc6 22. Bd6 Re8 23. Be5 Qe7 24. Ng5 h6 25. Nf3 Red8 26. Bh2 Be8 27. Re3 Bf7 28.
Qe2 Nd7 29. g4 Nf8 30. Bg3 Qf6 31. Qc2 Rb8 32. Bxb8 Rxb8 33. Qd2 Ra8 34. Bc2
Bg6 35. Ne5 Nxe5 36. dxe5 Qe7 37. Rf3 Bxc2 38. Qxc2 Qg5 39. Rc8 Rxc8 40. Qxc8
Qe7 41. Rxf8+ Qxf8 42. Qxe6+ Kh8 43. Qxd5 h5 44. e6 hxg4 45. hxg4 g6 46. Qe5+
Kg8 47. e7 Qe8 48. Qe6+ Kg7 1-0

[Event "Campeonato del Mundo sub-18 Femenino"]
[Site "Kemer TUR"]
[Date "2009.11.15"]
[Round "4.7"]
[White "Pon Namasivayam, Krithikha"]
[Black "Ziaziulkina, Nastassia"]
[Result "0-1"]
[WhiteElo "2196"]
[BlackElo "2128"]
[PlyCount "87"]
[EventDate "2009.11.11"]
[EventType "swiss"]
[EventRounds "11"]
[EventCountry "TUR"]
[Source "lmi"]
[SourceDate "2009.11.11"]

1. e4 c5 2. Nf3 d6 3. d4 cxd4 4. Nxd4 Nf6 5. Nc3 a6 6. Bg5 Nbd7 7. f4 Qc7 8.
Qf3 h6 9. Bh4 g5 10. fxg5 hxg5 11. Bxg5 Qc5 12. Be3 Ne5 13. Qe2 Neg4 14. Bg1
Bh6 15. Nb3 Qc7 16. g3 Ne5 17. h3 Be6 18. Bd4 Bg5 19. Bg2 Nh5 20. Bf2 Nc4 21.
Nd1 O-O-O 22. Nd4 Rdg8 23. Bf3 Bd2+ 24. Kf1 Nxg3+ 25. Bxg3 Rxg3 26. Qf2 Rhxh3
27. Nxe6 fxe6 28. Rxh3 Rxh3 29. Bg2 Rh6 30. b3 Rf6 31. Bf3 Ne5 32. Qxd2 Rxf3+
33. Ke2 Qc6 34. Nf2 Qc5 35. Rf1 Rf6 36. Nd3 Qd4 37. Rf4 Rg6 38. Qe3 Rg2+ 39.
Rf2 Rxf2+ 40. Nxf2 Qb2 41. Kd2 Qxa2 42. Qc3+ Kb8 43. Nh3 Qb1 44. Qg3 0-1

[Event "Campeonato del Mundo sub-18 Femenino"]
[Site "Kemer TUR"]
[Date "2009.11.15"]
[Round "4.8"]
[White "Havlikova, Kristyna"]
[Black "Pavlidou, Ekaterini"]
[Result "1/2-1/2"]
[WhiteElo "2185"]
[BlackElo "2128"]
[PlyCount "86"]
[EventDate "2009.11.11"]
[EventType "swiss"]
[EventRounds "11"]
[EventCountry "TUR"]
[Source "lmi"]
[SourceDate "2009.11.11"]

1. e4 c5 2. Nf3 Nc6 3. d4 cxd4 4. Nxd4 Nf6 5. Nc3 e5 6. Ndb5 d6 7. Bg5 a6 8.
Na3 b5 9. Nd5 Be7 10. Bxf6 Bxf6 11. c3 Ne7 12. Nc2 Nxd5 13. Qxd5 Rb8 14. Rd1
Bb7 15. Qd3 O-O 16. Be2 Qb6 17. O-O Rfe8 18. Bf3 Bg5 19. g3 a5 20. h4 Bh6 21.
Rfe1 Ba8 22. a3 Rbc8 23. Ne3 Bxe3 24. Qxe3 Qc5 25. Rd2 Qxe3 26. Rxe3 Kf8 27.
Bd1 Ke7 28. Bb3 b4 29. cxb4 axb4 30. Bd5 bxa3 31. bxa3 Bxd5 32. Rxd5 Rc1+ 33.
Kg2 Ra8 34. Rb5 Ra7 35. Reb3 Ke6 36. Rd3 Ra4 37. Rb6 Rd4 38. Rxd4 exd4 39. Rb5
Rc4 40. Rd5 g6 41. g4 f6 42. Kg3 Ra4 43. f3 h6 1/2-1/2

[Event "Campeonato del Mundo sub-18 Femenino"]
[Site "Kemer TUR"]
[Date "2009.11.15"]
[Round "4.9"]
[White "Ni, Viktorija"]
[Black "Deur, Zrinka"]
[Result "1/2-1/2"]
[WhiteElo "2181"]
[BlackElo "2089"]
[PlyCount "29"]
[EventDate "2009.11.11"]
[EventType "swiss"]
[EventRounds "11"]
[EventCountry "TUR"]
[Source "lmi"]
[SourceDate "2009.11.11"]

1. d4 Nf6 2. c4 Nc6 3. Nf3 e6 4. a3 g6 5. Nc3 Bg7 6. Bg5 h6 7. Bh4 d6 8. e3 O-O
9. Bd3 e5 10. d5 Bd7 11. h3 Bf5 12. Bxf6 Bxf6 13. g4 Bd7 14. g5 hxg5 15. h4
1/2-1/2

[Event "Campeonato del Mundo sub-18 Femenino"]
[Site "Kemer TUR"]
[Date "2009.11.15"]
[Round "4.10"]
[White "Marshall, Abby"]
[Black "Labedz, Patrycja"]
[Result "1-0"]
[WhiteElo "2176"]
[BlackElo "2115"]
[PlyCount "59"]
[EventDate "2009.11.11"]
[EventType "swiss"]
[EventRounds "11"]
[EventCountry "TUR"]
[Source "lmi"]
[SourceDate "2009.11.11"]

1. e4 c5 2. Nf3 Nc6 3. d4 cxd4 4. Nxd4 e5 5. Nb5 d6 6. c4 Be7 7. Be2 f5 8. exf5
Bxf5 9. N1c3 a6 10. Na3 Nf6 11. O-O O-O 12. Nc2 Kh8 13. Ne3 Be6 14. Bd3 Rc8 15.
b3 Nd4 16. Bb2 Qe8 17. f4 Nh5 18. f5 Bg5 19. Ncd5 Bf7 20. Qg4 Bxe3+ 21. Nxe3
Nf4 22. Rxf4 Bh5 23. Qg5 h6 24. Qh4 exf4 25. Qxf4 Nxf5 26. Nxf5 Qg6 27. Qd4 Rc7
28. Ng3 Qg5 29. Nxh5 Qxh5 30. Qe4 1-0

[Event "Campeonato del Mundo sub-18 Femenino"]
[Site "Kemer TUR"]
[Date "2009.11.15"]
[Round "4.11"]
[White "Brunello, Marina"]
[Black "Gvilava, Maya"]
[Result "0-1"]
[WhiteElo "2158"]
[BlackElo "2061"]
[PlyCount "66"]
[EventDate "2009.11.11"]
[EventType "swiss"]
[EventRounds "11"]
[EventCountry "TUR"]
[Source "lmi"]
[SourceDate "2009.11.11"]

1. e4 c5 2. Nc3 Nc6 3. Bb5 g6 4. Bxc6 bxc6 5. d3 Bg7 6. f4 d6 7. Nf3 Nf6 8. O-O
O-O 9. Qe1 Ne8 10. Qh4 f5 11. Ng5 h6 12. Nf3 Nf6 13. Bd2 c4 14. e5 dxe5 15.
fxe5 Ng4 16. h3 g5 17. Qe1 Nxe5 18. Nxe5 Qd4+ 19. Kh1 Qxe5 20. Qxe5 Bxe5 21.
Rae1 Bf6 22. dxc4 e5 23. Na4 e4 24. b3 Kg7 25. Bb4 Re8 26. Bc5 f4 27. Rd1 e3
28. Rd6 g4 29. Bd4 Bxd4 30. Rxd4 e2 31. Re1 f3 32. Kg1 Rf8 33. Kf2 g3+ 0-1

[Event "Campeonato del Mundo sub-18 Femenino"]
[Site "Kemer TUR"]
[Date "2009.11.15"]
[Round "4.12"]
[White "Uuganbayar, Lkhamsuren"]
[Black "Iordanidou, Zoi"]
[Result "1/2-1/2"]
[WhiteElo "2136"]
[BlackElo "2060"]
[PlyCount "24"]
[EventDate "2009.11.11"]
[EventType "swiss"]
[EventRounds "11"]
[EventCountry "TUR"]
[Source "lmi"]
[SourceDate "2009.11.11"]

1. e4 d5 2. exd5 Qxd5 3. Nc3 Qd6 4. d4 Nf6 5. Nf3 c6 6. Ne5 Nbd7 7. Nc4 Qc7 8.
Qf3 Nb6 9. Bf4 Qd8 10. Ne5 Bg4 11. Qg3 h5 12. h3 h4 1/2-1/2

[Event "Campeonato del Mundo sub-18 Femenino"]
[Site "Kemer TUR"]
[Date "2009.11.15"]
[Round "4.13"]
[White "Bakhtiyarly, Aysel Anvar Qizi"]
[Black "Tsatsalashvili, Keti"]
[Result "1/2-1/2"]
[WhiteElo "2042"]
[BlackElo "2288"]
[PlyCount "76"]
[EventDate "2009.11.11"]
[EventType "swiss"]
[EventRounds "11"]
[EventCountry "TUR"]
[Source "lmi"]
[SourceDate "2009.11.11"]

1. e4 c5 2. Nf3 d6 3. c4 Bg4 4. Be2 Nc6 5. h3 Bxf3 6. Bxf3 g6 7. g3 Bg7 8. O-O
e6 9. Nc3 Nge7 10. d3 O-O 11. Bg2 Rb8 12. Be3 a6 13. Qd2 Nd4 14. f4 f5 15. g4
b5 16. cxb5 axb5 17. Ne2 Nxe2+ 18. Qxe2 Qd7 19. Rac1 Rbc8 20. Kh1 Rfe8 21. a3
Nc6 22. Qd2 Bd4 23. Bf2 Qg7 24. Bxd4 Nxd4 25. exf5 exf5 26. Bd5+ Kh8 27. Rce1
Qf6 28. Kg2 fxg4 29. hxg4 Rxe1 30. Rxe1 Rf8 31. Re4 Qg7 32. Qe3 Nf5 33. Qd2 h5
34. g5 Nd4 35. Qe3 Nc2 36. Qc1 Nd4 37. Qc3 Nf5 38. Qc2 Nd4 1/2-1/2

[Event "Campeonato del Mundo sub-18 Femenino"]
[Site "Kemer TUR"]
[Date "2009.11.15"]
[Round "4.14"]
[White "Haug, Marianne Wold"]
[Black "Guramishvili, Sopiko"]
[Result "0-1"]
[WhiteElo "2005"]
[BlackElo "2327"]
[PlyCount "50"]
[EventDate "2009.11.11"]
[EventType "swiss"]
[EventRounds "11"]
[EventCountry "TUR"]
[Source "lmi"]
[SourceDate "2009.11.11"]

1. e4 c5 2. Nf3 d6 3. d4 cxd4 4. Nxd4 Nf6 5. Nc3 a6 6. Be2 e5 7. Nb3 Be7 8. O-O
O-O 9. a4 Nc6 10. Be3 Be6 11. Qd2 Rc8 12. Rfd1 Nb4 13. Bf3 Bg4 14. a5 Bxf3 15.
gxf3 Qd7 16. Rac1 Qh3 17. Qe2 Rxc3 18. bxc3 Na2 19. c4 Nxc1 20. Nxc1 Nh5 21.
Na2 f5 22. Nc3 fxe4 23. fxe4 Rf4 24. Qf1 Rg4+ 25. Kh1 Qf3+ 0-1

[Event "Campeonato del Mundo sub-18 Femenino"]
[Site "Kemer TUR"]
[Date "2009.11.15"]
[Round "4.15"]
[White "Vojinovic, Jovana"]
[Black "Guadamuro Torrente, Anabel"]
[Result "1/2-1/2"]
[WhiteElo "2319"]
[BlackElo "2116"]
[PlyCount "65"]
[EventDate "2009.11.11"]
[EventType "swiss"]
[EventRounds "11"]
[EventCountry "TUR"]
[Source "lmi"]
[SourceDate "2009.11.11"]

1. Nf3 d5 2. g3 Nf6 3. Bg2 c6 4. O-O Bg4 5. d3 Nbd7 6. c4 e6 7. cxd5 exd5 8.
Qb3 Qb6 9. Qc2 Bd6 10. Nc3 O-O 11. e4 dxe4 12. dxe4 Rfe8 13. Be3 Qa5 14. Nd4
Qh5 15. f3 Bh3 16. Bxh3 Qxh3 17. Nce2 Be5 18. Nf4 Bxf4 19. Bxf4 Ne5 20. Rad1
Qh5 21. Kg2 Ng6 22. Bc1 Ne7 23. Nb3 b6 24. Nd4 Rac8 25. b3 a6 26. Ne2 h6 27.
Nf4 Qa5 28. Qd2 Qe5 29. Bb2 Qc7 30. Qc1 Ng6 31. Nxg6 fxg6 32. Bxf6 gxf6 33. h3
1/2-1/2

[Event "Campeonato del Mundo sub-18 Femenino"]
[Site "Kemer TUR"]
[Date "2009.11.15"]
[Round "4.16"]
[White "Agrest, Inna"]
[Black "Alpysbayeva, Aigerim"]
[Result "1/2-1/2"]
[WhiteElo "2180"]
[BlackElo "1972"]
[PlyCount "82"]
[EventDate "2009.11.11"]
[EventType "swiss"]
[EventRounds "11"]
[EventCountry "TUR"]
[Source "lmi"]
[SourceDate "2009.11.11"]

1. e4 c5 2. Nf3 d6 3. d4 cxd4 4. Nxd4 Nf6 5. Nc3 g6 6. Be3 Bg7 7. f3 O-O 8. Bc4
Nc6 9. Qd2 Bd7 10. Bb3 Na5 11. h4 Nxb3 12. axb3 a6 13. h5 Nxh5 14. g4 Nf6 15.
Qh2 h5 16. O-O-O Bxg4 17. fxg4 Nxg4 18. Qe2 Nxe3 19. Qxe3 Kh7 20. Kb1 e6 21.
Nf3 Bh6 22. Qd3 Qf6 23. Rdf1 Rad8 24. Rh3 Qf4 25. Ne2 Qe3 26. Qxe3 Bxe3 27.
Nfd4 Bxd4 28. Nxd4 Kh6 29. Rhf3 Rde8 30. Rf6 Kg7 31. Kc1 Re7 32. Kd2 h4 33.
R6f2 f6 34. Nf3 Rh8 35. Rh2 g5 36. Rg1 Kf8 37. Ke3 Rg7 38. Rg4 Rh5 39. Nd4 Ke7
40. c4 Rh6 41. Kf3 Rhh7 1/2-1/2

[Event "Campeonato del Mundo sub-18 Femenino"]
[Site "Kemer TUR"]
[Date "2009.11.15"]
[Round "4.18"]
[White "Ursente, Maria-Eugenia"]
[Black "Aliaga Fernandez, Ingrid Yadyra"]
[Result "0-1"]
[WhiteElo "1968"]
[BlackElo "2146"]
[PlyCount "71"]
[EventDate "2009.11.11"]
[EventType "swiss"]
[EventRounds "11"]
[EventCountry "TUR"]
[Source "lmi"]
[SourceDate "2009.11.11"]

1. c4 e5 2. g3 Nc6 3. Bg2 g6 4. Nc3 Bg7 5. e3 f5 6. d3 Nf6 7. Nge2 d6 8. O-O
O-O 9. Rb1 a5 10. a3 Ne7 11. d4 e4 12. b4 axb4 13. axb4 g5 14. b5 c6 15. bxc6
bxc6 16. Qb3 Kh8 17. Bd2 Be6 18. Na4 Qe8 19. Nb6 Rb8 20. Qd1 Qf7 21. c5 d5 22.
Ra1 Rbe8 23. Ra7 Qh5 24. Nc1 Qh6 25. f4 gxf4 26. gxf4 Rg8 27. h3 Nh5 28. Be1
Bf6 29. Kh2 Rg7 30. Ra2 Reg8 31. Na4 Ng6 32. Rff2 Nh4 33. Rfe2 Ng3 34. Rf2 Rg6
35. Nc3 Nxg2 36. Rxg2 0-1

[Event "Campeonato del Mundo sub-18 Femenino"]
[Site "Kemer TUR"]
[Date "2009.11.15"]
[Round "4.20"]
[White "Orehek, Spela"]
[Black "Semenova, Elena"]
[Result "0-1"]
[WhiteElo "1890"]
[BlackElo "2233"]
[PlyCount "94"]
[EventDate "2009.11.11"]
[EventType "swiss"]
[EventRounds "11"]
[EventCountry "TUR"]
[Source "lmi"]
[SourceDate "2009.11.11"]

1. e4 e5 2. Nf3 Nc6 3. Bc4 Nf6 4. d3 h6 5. O-O d6 6. c3 g6 7. Nbd2 Bg7 8. Re1
O-O 9. Nf1 Na5 10. Bb5 a6 11. Ba4 b5 12. Bc2 c5 13. Ne3 Nc6 14. Bb3 Bb7 15. Nd5
Nd7 16. a3 Ne7 17. Nxe7+ Qxe7 18. Be3 Kh7 19. Bc2 d5 20. exd5 Bxd5 21. d4 cxd4
22. cxd4 e4 23. Ne5 Nxe5 24. dxe5 Rad8 25. Bd4 Bxe5 26. Bxe5 Qxe5 27. Qe2 Qxb2
28. Bxe4 Qxe2 29. Rxe2 Rfe8 30. Bd3 Rxe2 31. Bxe2 Bc4 32. Bxc4 bxc4 33. Kf1 Kg7
34. Rc1 Rd4 35. Ke2 Kf6 36. Rc3 Ke5 37. f3 Kd5 38. Ke3 f5 39. g3 g5 40. f4 Re4+
41. Kf3 g4+ 42. Kf2 Kd4 43. Rc1 c3 44. Rd1+ Kc4 45. Rd8 c2 46. Rc8+ Kb3 47. a4
Rc4 0-1

[Event "Campeonato del Mundo sub-18 Femenino"]
[Site "Kemer TUR"]
[Date "2009.11.15"]
[Round "4.21"]
[White "Walallawita, Lihini Ashwini"]
[Black "Nakhbayeva, Guliskhan"]
[Result "0-1"]
[WhiteElo "1797"]
[BlackElo "2201"]
[PlyCount "82"]
[EventDate "2009.11.11"]
[EventType "swiss"]
[EventRounds "11"]
[EventCountry "TUR"]
[Source "lmi"]
[SourceDate "2009.11.11"]

1. e4 c5 2. Nf3 d6 3. Bb5+ Bd7 4. Bxd7+ Qxd7 5. O-O Nc6 6. c3 Nf6 7. Re1 e6 8.
d4 cxd4 9. cxd4 d5 10. e5 Ne4 11. Nbd2 Nxd2 12. Bxd2 Be7 13. a3 a5 14. Rc1 O-O
15. Qe2 a4 16. Rc2 Rfb8 17. Rec1 Bd8 18. Bc3 b5 19. Qe1 Bb6 20. h3 h6 21. Qe2
Ra7 22. Qd3 Na5 23. Nd2 Nc4 24. Bb4 Qd8 25. Nf3 Rc7 26. Bc3 Rcb7 27. Bb4 Rd7
28. Kf1 Bc7 29. Kg1 f6 30. Re1 fxe5 31. Nxe5 Bxe5 32. dxe5 Qg5 33. Rce2 Rf7 34.
Bc3 Rbf8 35. Bb4 Rf3 36. Qc2 R8f5 37. Kh1 Qh4 38. Be7 Rxh3+ 39. gxh3 Qxh3+ 40.
Kg1 Qg4+ 41. Kf1 Rh5 0-1

[Event "Campeonato del Mundo sub-18 Femenino"]
[Site "Kemer TUR"]
[Date "2009.11.15"]
[Round "4.22"]
[White "Dimitrova, Aseniya"]
[Black "Laurusaite, Brigita"]
[Result "0-1"]
[WhiteElo "1744"]
[BlackElo "2057"]
[PlyCount "52"]
[EventDate "2009.11.11"]
[EventType "swiss"]
[EventRounds "11"]
[EventCountry "TUR"]
[Source "lmi"]
[SourceDate "2009.11.11"]

1. e4 c6 2. c4 d5 3. cxd5 cxd5 4. exd5 Qxd5 5. Nc3 Qa5 6. Nf3 Nf6 7. d4 Bg4 8.
h3 Bh5 9. Bb5+ Nbd7 10. O-O a6 11. Be2 e6 12. Bf4 Bb4 13. Qb3 O-O 14. Rac1 Rac8
15. Rfd1 Bxc3 16. bxc3 b5 17. g4 Bg6 18. Ne5 Be4 19. f3 Bd5 20. c4 bxc4 21.
Bxc4 Nxe5 22. Bxe5 Bxc4 23. Rxc4 Nd5 24. Rdc1 Rxc4 25. Qxc4 Qa3 26. Rf1 Qa5 0-1